| 000 | 00583nam a22001577a 4500 | ||
|---|---|---|---|
| 003 | OSt | ||
| 005 | 20151003143803.0 | ||
| 008 | 151003b xxu||||| |||| 00| 0 eng d | ||
| 040 | _cRUA | ||
| 082 | _aAVM HEN 1996 B070 Ort.1 | ||
| 100 |
_91905 _aHENG, MARAVUTH. |
||
| 245 | _aCaring for piglets befor weaning at benteay meanchey province, ការថែបំប៉នកូនជ្រូកមុនពេលផ្តាច់ដោះ នីខេត្តបន្ទាយមានជ័យ. | ||
| 260 |
_aphno phen _bRUA _c1996 |
||
| 300 |
_a63p. _bill. _c29cm. |
||
| 942 |
_2ddc _cAVM |
||
| 999 |
_c1800 _d1800 |
||